000 00711nam a2200253Ia 4500
003 OSt
005 20220927105835.0
006 a|||||r|||| 00| 0
007 ta
008 220926b |||||||| |||| 00| 0 eng d
024 _a64485
037 _cReference Collections
040 _aRTL
_cRTL
_beng
041 _2eng
_aeng
082 _a"X562, J7.1-.2"
110 _aNational Bureau of Economic Research
245 0 _aConference on regulation
260 _c1957
490 _vV1
_a"Consumer Instalment Credit, 2."
650 _aCredit Economics
_9375409
700 _aNational Bureau of Economic Research
942 _h"X562, J7.1-.2"
_cCC
999 _c694958
_d694958